El Diputado señor Torra Balari, nuevo teniente de Alcalde de Barcelona
Colección:
San Jorge,
; núm. 3 (juliol 1951), pàg. 61
Idioma:
Español
MARC
| LEADER | 00000naa a2200000 a 4500 | ||
|---|---|---|---|
| 003 | Arxiu | ||
| 005 | 20260324181026.0 | ||
| 008 | 160829s1951 spc xx s spa c | ||
| 040 | |a agdb | ||
| 245 | 0 | 3 | |a El Diputado señor Torra Balari, nuevo teniente de Alcalde de Barcelona |
| 490 | |a San Jorge, |v núm. 3 (juliol 1951), pàg. 61 | ||
| 600 | 0 | |9 54607 |a Torra-Balari Llavallol, Juan | |
| 651 | 0 | |a Barcelona (Catalunya) |x Política i govern |9 53684 | |
| 773 | |t San Jorge. |g Núm. 3 (juliol 1951), pàg. 61 | ||
| 901 | |a Arxiu | ||
| 942 | |n 1 |2 udc |c ART | ||
| 952 | |0 0 |1 0 |4 0 |6 REV508 |7 1 |9 64713 |a Arxiu |b Arxiu |d 2022-12-12 |l 0 |o Rev-508 |r 2022-12-12 00:00:00 |w 2022-12-12 |y ARXIU | ||
| 999 | |c 44090 |d 44090 | ||